আলোকচিত্রাচার্য মনজুর আলম বেগ ও সমকালীন আলোকচিত্রের বিবর্তন / (Record no. 62623)
[ view plain ]
| 000 -LEADER | |
|---|---|
| fixed length control field | 01154nam a2200265 a 4500 |
| 001 - CONTROL NUMBER | |
| control field | 62623 |
| 003 - CONTROL NUMBER IDENTIFIER | |
| rucl marc code | BD-RjUL |
| 005 - DATE AND TIME OF LATEST TRANSACTION | |
| control field | 20211209081115.0 |
| 008 - FIXED-LENGTH DATA ELEMENTS--GENERAL INFORMATION | |
| fixed length control field | 170124s2002 bg a|||| |||| 00| 0 ben d |
| 020 ## - INTERNATIONAL STANDARD BOOK NUMBER | |
| International Standard Book Number | 9848065210 |
| Terms of availability | : Tk. 200.00 |
| 035 ## - SYSTEM CONTROL NUMBER | |
| System control number | (BD-RjUL)62749 |
| 040 ## - CATALOGING SOURCE | |
| Original cataloging agency | BD-RjUL |
| Language of cataloging | ben |
| Transcribing agency | BD-RjUL |
| 041 ## - LANGUAGE CODE | |
| Language code of text/sound track or separate title | ben |
| 082 ## - DEWEY DECIMAL CLASSIFICATION NUMBER | |
| Edition number | 23 |
| Classification number | 770.92 |
| Author mark and year | SEA 2002 |
| 100 ## - MAIN ENTRY--PERSONAL NAME | |
| Personal name | সেলিম, জাহাঙ্গীর |
| 9 (RLIN) | 177284 |
| 245 10 - TITLE STATEMENT | |
| Title | আলোকচিত্রাচার্য মনজুর আলম বেগ ও সমকালীন আলোকচিত্রের বিবর্তন / |
| Statement of responsibility, etc. | জাহাঙ্গীর সেলিম |
| 250 ## - EDITION STATEMENT | |
| Edition statement | ১ম সং. |
| 260 ## - PUBLICATION, DISTRIBUTION, ETC. (IMPRINT) | |
| Place of publication, distribution, etc. | ঢাকা : |
| Name of publisher, distributor, etc. | প্যাপিরাস, |
| Date of publication, distribution, etc. | ২০০২ |
| 300 ## - PHYSICAL DESCRIPTION | |
| Pagination | ২১০ পৃ. : |
| Illustrations | চিত্র ; |
| Size | ২৩ সেমি. |
| 600 ## - SUBJECT ADDED ENTRY--PERSONAL NAME | |
| Personal name | বেগ, মনজুর আলম |
| Dates associated with a name | ১৯৩০-১৯৯৮ |
| Personal name | Bega, Manajura Alama |
| Dates associated with a name | 1930-1998. |
| 650 ## - SUBJECT ADDED ENTRY--TOPICAL TERM | |
| Topical term or geographic name as entry element | আলোকচিত্রী |
| Geographic subdivision | বাংলাদেশ |
| Chronological subdivision | জীবনী |
| 9 (RLIN) | 186157 |
| Topical term or geographic name as entry element | Photographers |
| Geographic subdivision | Bangladesh |
| General subdivision | Biography. |
| 9 (RLIN) | 186158 |
| 942 ## - ADDED ENTRY ELEMENTS (KOHA) | |
| Source of classification or shelving scheme | Dewey Decimal Classification |
| Koha item type | Books |
| Lost status | Source of classification or shelving scheme | Damaged status | Not for loan | Collection code | Permanent Location | Current Location | Shelving location | Date acquired | Source of acquisition | Cost, normal purchase price | Total Checkouts | Full call number | Date last seen | Copy number | Koha item type |
|---|---|---|---|---|---|---|---|---|---|---|---|---|---|---|---|
| Dewey Decimal Classification | Not For Loan | Non-fiction | Central Library, University of Rajshahi | Central Library, University of Rajshahi | Reading Room | 24/03/2003 | Author | 200.00 | B 770.92 SEA 2002 | 24/01/2017 | C-1 | Books |